000 00274nam a2200097Ia 4500
001 1141492
005 20250827010120.0
008 250824s9999 xx 000 0 und d
245 0 _aTAŞİ VE DANS EDEN PABUÇLAR
_cANNA FİENBERG
260 _bGÜNIŞIĞI KİTAPLIĞI YAYINLARI
999 _c1141492
_d1141492